Fr. Conceicao Rodrigues College of Engineering

Applied Datamining:Statistical methods for business and industry (Record no. 35273)

MARC details
000 -LEADER
fixed length control field 00381nam a2200157Ia 4500
082 ## - DEWEY DECIMAL CLASSIFICATION NUMBER
Classification number 658.403/GIU
Item number GIU
100 ## - MAIN ENTRY--PERSONAL NAME
Personal name Giudici/Paolo
245 ## - TITLE STATEMENT
Title Applied Datamining:Statistical methods for business and industry
260 ## - PUBLICATION, DISTRIBUTION, ETC.
Name of publisher, distributor, etc. Wiley India
Place of publication, distribution, etc. New Delhi
Date of publication, distribution, etc. 2005
366 ## - TRADE AVAILABILITY INFORMATION
Publishers's discount category 20
300 ## - PHYSICAL DESCRIPTION
Extent 364
546 ## - LANGUAGE NOTE
Language note ENGLISH
650 ## - SUBJECT ADDED ENTRY--TOPICAL TERM
Topical term or geographic name entry element Datamining
654 ## - SUBJECT ADDED ENTRY--FACETED TOPICAL TERMS
Focus term datamining
942 ## - ADDED ENTRY ELEMENTS (KOHA)
Koha item type BOOK
Holdings
Withdrawn status Lost status Damaged status Not for loan Collection Home library Current library Date acquired Source of acquisition Cost, normal purchase price Inventory number Total Checkouts Full call number Barcode Date last seen Cost, replacement price Price effective from Koha item type
        CRC Fr. Agnel's C.Rodrigues College of Engineering Fr. Agnel's C.Rodrigues College of Engineering 17/03/2023 Ane Books India 184.36 352   658.403/GIU GIU 18675 17/03/2023 230.45   BOOK